000 00591nam a2200193Ia 4500
005 20260120124609.0
008 008 260114s9999 xx 000 0 eng d
020 _a9781848550940
037 _aEBOOK
040 _aCRL
_beng
_cCRL
041 _aeng
_2eng
084 _qCRL
245 0 _aGender, Equality and Education from International and Comparative Perspectives
260 _bEmerald Publishing
_c2009
700 _aDavid Baker
_9908218
856 _uhttps://www.emerald.com/insight/publication/doi/10.1108/S1479-3679(2009)10
942 _cEBOOK
999 _c1500107
_d1500107